Speedy gonzales [
| Format: | Book |
|---|---|
| Published: |
United Kingdom :
Warner Bros ,
1990
|
| Subjects: |
MARC
| LEADER | 00000cam a2200000 7i4500 | ||
|---|---|---|---|
| 001 | 0000000118 | ||
| 002 | 000000134 | ||
| 005 | 20000330.0 | ||
| 020 | |a 000000134 | ||
| 090 | 0 | 0 | |a JF |b SPE |
| 245 | 0 | 0 | |a Speedy gonzales [ |h videocassette] |
| 260 | |a United Kingdom : |b Warner Bros , |c 1990 | ||
| 300 | |a 1 videocassette VHS (60:00 min) : |b Col.(PAL) | ||
| 650 | 0 | 0 | |a Humourous fiction |x cartoons and caricatures |
| 999 | |a PV0105 |b VIDEO |c JUNIOR REFERENCE |e PERPUSTAKAAN KOMUNITI PETALING JAYA | ||